Cultura Nike : (Registro nro. 10544)

Detalles MARC
000 -LEADER
fixed length control field 01251nam a2200301 4500
001 - CONTROL NUMBER
control field 0000022374
003 - CONTROL NUMBER IDENTIFIER
control field CO-CtgCURN
005 - DATE AND TIME OF LATEST TRANSACTION
control field 20250329191007.0
007 - PHYSICAL DESCRIPTION FIXED FIELD--GENERAL INFORMATION
fixed length control field ta
008 - FIXED-LENGTH DATA ELEMENTS--GENERAL INFORMATION
fixed length control field 160627s2007 000 0 eng d
020 ## - INTERNATIONAL STANDARD BOOK NUMBER
International Standard Book Number 8423424685
040 ## - CATALOGING SOURCE
Original cataloging agency CO-CtgCURN
Language of cataloging spa
Transcribing agency coctgcurn
082 0# - DEWEY DECIMAL CLASSIFICATION NUMBER
Classification number 658
Item number G65c
100 1# - MAIN ENTRY--PERSONAL NAME
Personal name Goldman, Robert.
245 10 - TITLE STATEMENT
Title Cultura Nike :
Remainder of title el signo del swoosh /
Statement of responsibility, etc. Robert Goldman y Stephen Papson.
260 ## - PUBLICATION, DISTRIBUTION, ETC.
Place of publication, distribution, etc. Barcelona :
Name of publisher, distributor, etc. Deusto,
Date of publication, distribution, etc. 2007.
300 ## - PHYSICAL DESCRIPTION
Extent 299 p.
336 ## - CONTENT TYPE
Source rdacontent
337 ## - MEDIA TYPE
Source rdamedia
Media type term sin mediacion
Media type code n
338 ## - CARRIER TYPE
Source rdacarrier
Carrier type term volumen
Carrier type code nc
490 1# - SERIES STATEMENT
Series statement Grandes casos empresariales
505 8# - FORMATTED CONTENTS NOTE
Formatted contents note Depronto el swoosh esta en todas partes.--Simplemente metacomunicalo.--Nike y la construcción de una democracia de celebridades.--Reflexividad e irreverencia.--Alineacion, esperanza y trascendencia: determinismo o determinacion?.--Trascendiendo a la diferencia? La presentacion de las mujeres en el mundo de Nike.--Hay muchos caminos que llevan al cielo.--Just do it, pero no es mi planeta
650 14 - SUBJECT ADDED ENTRY--TOPICAL TERM
Topical term or geographic name entry element Nike
Form subdivision Organizacion.
700 1# - ADDED ENTRY--PERSONAL NAME
Personal name Papson, Stephen.
908 ## - PUT COMMAND PARAMETER (RLIN)
Put command parameter 160627
942 ## - ADDED ENTRY ELEMENTS (KOHA)
Koha item type Libros
Classification part 658
Item part G65c
Source of classification or shelving scheme Dewey Decimal Classification
Existencias
Withdrawn status Lost status Source of classification or shelving scheme Damaged status Not for loan Collection Home library Current library Shelving location Date acquired Inventory number Total checkouts Full call number Barcode Date last seen Price effective from Koha item type Public note
    Dewey Decimal Classification     General Miguel Henríquez Castañeda Miguel Henríquez Castañeda General 03/29/2025 011065   658 G65c 011065 03/29/2025 03/29/2025 Libros 650-ADMINS